Central Library OPAC University of Rajshahi

Human Resource management / (Record no. 84694)

MARC details
000 -LEADER
fixed length control field 00682nam a2200241 a 4500
001 - CONTROL NUMBER
control field 84694
003 - CONTROL NUMBER IDENTIFIER
rucl marc code BD-RjUL
005 - DATE AND TIME OF LATEST TRANSACTION
control field 20250217105427.0
008 - FIXED-LENGTH DATA ELEMENTS--GENERAL INFORMATION
fixed length control field 250217s2022 bg ||||| |||| 00| 0 eng d
035 ## - SYSTEM CONTROL NUMBER
System control number (BD-RjUL)84694
040 ## - CATALOGING SOURCE
Original cataloging agency BD-RjUL
Language of cataloging eng
Transcribing agency BD-RjUL
041 ## - LANGUAGE CODE
Language code of text/sound track or separate title eng
082 ## - DEWEY DECIMAL CLASSIFICATION NUMBER
Edition number 23
Classification number 658.3
Author mark and year KHH 2022
100 ## - MAIN ENTRY--PERSONAL NAME
Personal name Khan, Abdul Awal
9 (RLIN) 15014
245 ## - TITLE STATEMENT
Title Human Resource management /
Statement of responsibility, etc. Abdul Awal Khan, Md.Abu Taher, Md. Asadul Islam
250 ## - EDITION STATEMENT
Edition statement 6th ed.
260 ## - PUBLICATION, DISTRIBUTION, ETC. (IMPRINT)
Place of publication, distribution, etc. Dhaka :
Name of publisher, distributor, etc. Abir Publications,
Date of publication, distribution, etc. 2022
300 ## - PHYSICAL DESCRIPTION
Pagination 360 p.;
Size 25 cm.
650 ## - SUBJECT ADDED ENTRY--TOPICAL TERM
Topical term or geographic name as entry element Human Resource Management
700 ## - ADDED ENTRY--PERSONAL NAME
Personal name Taher, Md.Abu
Personal name Islam, Md. Asadul
942 ## - ADDED ENTRY ELEMENTS (KOHA)
Source of classification or shelving scheme Dewey Decimal Classification
Koha item type Books
Holdings
Lost status Source of classification or shelving scheme Damaged status Not for loan Collection code Permanent Location Current Location Shelving location Date acquired Source of acquisition Total Checkouts Full call number Date last seen Copy number Koha item type
  Dewey Decimal Classification   Not For Loan Non-fiction Central Library, University of Rajshahi Central Library, University of Rajshahi Reading Room 13/02/2025 Author   658.3 KHH 2022 17/02/2025 C-1 Books